ბათუმის შოთა რუსთაველის სახელმწიფო უნივერსიტეტის ბიბლიოთეკა

ჩანაწერი Personal Name

ჩანაწერთა რაოდენობა, რომელიც გამოყენებულია: 1

001 - CONTROL NUMBER

  • control field: 9196

003 - CONTROL NUMBER IDENTIFIER

  • control field: GE_BSU

005 - DATE AND TIME OF LATEST TRANSACTION

  • control field: 20200813120254.0

008 - FIXED-LENGTH DATA ELEMENTS

  • fixed length control field: 200813|| aca||aabn | a|a d

040 ## - CATALOGING SOURCE

  • Original cataloging agency: GE_BSU
  • Transcribing agency: GE_BSU

100 ## - HEADING--PERSONAL NAME

  • Personal name: Conway, Alan,
  • Dates associated with a name: 1920-2003.

670 ## - SOURCE DATA FOUND

  • Source citation: Work cat.: (GE_BSU)0: Conway, Alan, 1920-2003., The reconstruction of Georgia.